000 00212nam a2200097Ia 4500
008 190216s9999||||xx |||||||||||||| ||und||
100 _aNarayanan C
245 0 _aElements Of Economics
260 _bNull
942 _cBK
999 _c9156
_d9156